LEADER 01652nam a2200301 i 4500 001 000000252713 003 CaOOAMICUS 005 20170131000000.0 008 170131s2016 it u000 u eng u 013 $a231618 020 $a978-88-7839-350-9 040 $aSeMil$bita 100 1 $aAzike, Gerald.$0(OLS)http://semarc/name/94073 245 14$aThe people of God in Lumen gentium :$ba theological renewal of institutional ecclesiology and its impications for the Igbo christians of Nigeria /$cGerald Azike. 260 $aRoma :$bPontificia Università Gregoriana,$c2016. 300 $a390 p. ;$c24 cm. 490 0 $aTesi Gregoriana. Serie Teologia ;$v225 650 4$aConcilio Vaticano II <1962-1965> - Costituzioni dogmatiche . Lumen Gentium.$0(OLS)http://semarc/subject/3016 650 4$aChiesa - Popolo di Dio.$0(OLS)http://semarc/subject/15473 650 4$aConcilio Vaticano II <1962-1965> - Ecclesiologia.$0(OLS)http://semarc/subject/3017 650 4$aChiesa cattolica - Africa.$0(OLS)http://semarc/subject/31257 830 0$aTesi Gregoriana. Serie Teologia ;$v225.$0(OLS)http://semarc/title/351 850 $aSeMil 852 $aSeMil$W1$xVenegono$y1$m2M VI 325$j203059$B203059$CSeMilBibl$Z2$F215780 $81 961 $aSottoscrizione: Pontificia Università Gregoriana 996 $6020$a978-88-7839-350-9$9(OLS)http://semarc/number/275126 996 $6245$aThe people of God in Lumen gentium :$ba theological renewal of institutional ecclesiology and its impications for the Igbo christians of Nigeria$9(OLS)http://semarc/title/410130 996 $6260$aRoma :$bPontificia Università Gregoriana$9(OLS)http://semarc/publisher/29750 LEADER 01254nam a2200277 4500 001 000000349666 003 CaOOAMICUS 005 20220407101153.0 008 220317s2018 it a 000 u ita r 020 $a978-88-6570-485-1 040 $aSeMil$bita 100 1 $aSpartà, Gianni.$0(OLS)http://semarc/name/20056 245 10$aPensieri positivi :$bSalvatore Furia, il cacciatore di stelle /$cGianni Spartà. 264 1$aVarese :$bMacchione,$c2018. 300 $a213 p. :$bill. ;$c21 cm 541 0 $aOmaggio mons. Mario Delpini (3H II 594) 600 14$aFuria, Salvatore <1924-2010>.$0(OLS)http://semarc/subject/51853 650 4$aSocietà astronomica G.V. Schiapparelli .$0(OLS)http://semarc/subject/51854 850 $aSeMil 852 $aSeMil$W1$xVenegono$y1$m3H II 594$j232325$B240716$CSeMilBibl$Z2$F240716 $81 941 1 $a7 961 $aOmaggio mons. Mario Delpini. -- Con dedica autografa a mons. Mario Delpini 996 $6020$a978-88-6570-485-1$9(OLS)http://semarc/number/295427 996 $6245$aPensieri positivi :$bSalvatore Furia, il cacciatore di stelle$9(OLS)http://semarc/title/439285 996 $6264$aVarese :$bMacchione$9(OLS)http://semarc/publisher/34285 LEADER 01365nam a2200289 4500 001 000000354691 003 CaOOAMICUS 005 20230721123546.0 008 230721s2021 xxk 000 u eng r 020 $a978-1-138-20831-5 040 $aSeMil$bita 245 00$aEschatology in antiquity :$bforms and functions /$cedited by Hilary Marlow, Karla Pollmann and Helen Van Noorden. 264 1$aLondon ; New York :$bRoutledge, Taylor & Francis Group,$c2021. 300 $axxiv, 629 p. :$bill. ;$c26 cm 490 1 $aRewriting antiquity 504 $aBibliography, p. [301]-315 650 4$aEscatologia - Antichità.$0(OLS)http://semarc/subject/54065 700 1 $aVan Noorden, Helen,$d<1981- >.$0(OLS)http://semarc/name/117913 700 1 $aMarlow, Hilary.$0(OLS)http://semarc/name/117912 700 1 $aPollmann, Karla,$d<1963- >.$0(OLS)http://semarc/name/26522 830 0$aRewriting antiquity.$0(OLS)http://semarc/title/444833 850 $aSeMil 852 $aSeMil$W1$xVenegono$y1$m2B VI 337$j242346$B245985$CSeMilBibl$Z2$F245985 $81 996 $6020$a978-1-138-20831-5$9(OLS)http://semarc/number/298523 996 $6245$aEschatology in antiquity :$bforms and functions$9(OLS)http://semarc/title/444832 996 $6264$aLondon ; New York :$bRoutledge, Taylor & Francis Group$9(OLS)http://semarc/publisher/47190